Bluecoats' Shows - Statistics

General Stats
  • This quiz has been taken 24 times
  • The average score is 11 of 30
Answer Stats
Hint Answer % Correct
2016 Down Side Up
89%
2014 TILT
89%
2017 Jagged Line
89%
2019 The Bluecoats
83%
2015 Kinetic Noise
67%
2021* Lucy
67%
2022 Riffs and Revelations
67%
2018 Session 44
50%
2010 Metropolis: The Future is Now
44%
2011 Brave New World
39%
2013 ...to Look for America
39%
2008 The Knockout
28%
1992 A Day in the Life
22%
1994 Blues
22%
2005 Caravan
22%
2006 Connexus
22%
2007 Criminal
22%
1995 Homefront: 1945
22%
2009 Imagine
22%
2001 Latin Sketches
22%
1997 Midnight Blue... Jazz After Dark, The Bluecoats' Way
22%
2004 Mood Swings
22%
2000 Threshold
22%
2012 Unmasqued
22%
2002 Urban Dances
22%
1996 American Celebrations
17%
2003 Capture and Escape
17%
1999 Music of Chick Corea
17%
1993 Standards in Blue: A Tribute to Dizzy Gillespie
17%
1998 The Four Seasons of Jazz
17%
No matching quizzes found
Score Distribution
Percent of People with Each Score
Percentile by Number Answered
Your Score History
You have not taken this quiz